[Event "Prague op"]
[Site "Prague"]
[Date "2024.03.05"]
[Round "7"]
[White "Svanda, Ondrej"]
[Black "Safarli, Eltaj"]
[Result "0-1"]
[WhiteElo "2369"]
[BlackElo "2614"]
[PlyCount "36"]
[EventDate "2024.02.28"]
[EventType "swiss"]
[EventRounds "9"]
[EventCountry "CZE"]
[SourceTitle "CB11_2024"]
[SourceDate "2024.03.13"]
[SourceVersion "1"]
[SourceVersionDate "2024.03.13"]
[SourceQuality "1"]

1. e4 c5 2. Nf3 d6 3. d4 cxd4 4. Nxd4 Nf6 5. Nc3 g6 6. Be2 Bg7 7. 0-0 0-0 8. Re1 Nc6 9. Nb3 a5 10. a4 Be6 11. Bf1 d5 12. exd5 Nxd5 13. Bd2 Ndb4 14. Nc5 Bf5 15. N5e4 Nd4 16. Rc1 Rc8 17. g3 Qd7 18. Bg2 Rfd8 0-1

[Event "Prague op"]
[Site "Prague"]
[Date "2024.03.01"]
[Round "3"]
[White "Svanda, Ondrej"]
[Black "Heberla, Bartlomiej"]
[Result "1/2-1/2"]
[WhiteElo "2369"]
[BlackElo "2552"]
[PlyCount "64"]
[EventDate "2024.02.28"]
[EventType "swiss"]
[EventRounds "9"]
[EventCountry "CZE"]
[SourceTitle "CB11_2024"]
[SourceDate "2024.03.13"]
[SourceVersion "1"]
[SourceVersionDate "2024.03.13"]
[SourceQuality "1"]

1. e4 e5 2. Nf3 Nc6 3. Bb5 a6 4. Ba4 Nf6 5. 0-0 Bc5 6. c3 b5 7. Bb3 d6 8. a4 Bg4 9. h3 Bxf3 10. Qxf3 Na5 11. Bc2 b4 12. d3 Rb8 13. Be3 bxc3 14. bxc3 Rb2 15. Na3 0-0 16. Bxc5 dxc5 17. Rfb1 Rb6 18. Rd1 Qd6 19. Qe3 Qe7 20. d4 cxd4 21. cxd4 exd4 22. Qxd4 Re8 23. Qc3 Nc6 24. Nc4 Qc5 25. Rac1 Rb4 26. Bb1 Rxa4 27. Ne3 Qxc3 28. Rxc3 Nd4 29. Rxc7 Nb5 30. Rc6 Nd4 31. Rc7 Nb5 32. Rc6 Nd4 1/2-1/2

[Event "CZE-chT 2324"]
[Site "Czech Republic"]
[Date "2023.10.14"]
[Round "1.4"]
[White "Chovan, Milan"]
[Black "Svanda, Ondrej"]
[Result "1/2-1/2"]
[WhiteElo "2323"]
[BlackElo "2370"]
[PlyCount "98"]
[EventDate "2023.10.14"]
[EventType "team-tourn"]
[EventRounds "11"]
[EventCountry "CZE"]
[SourceTitle "Mega2024 Update 01"]
[Source "Chessbase"]
[SourceDate "2023.11.12"]
[SourceVersion "1"]
[SourceVersionDate "2023.11.12"]
[SourceQuality "1"]
[WhiteTeam "Novoborsky"]
[BlackTeam "Kromeriz Slavia"]
[WhiteTeamCountry "CZE"]
[BlackTeamCountry "CZE"]

1. d4 Nf6 2. c4 e6 3. Nc3 Bb4 4. Qc2 b6 5. e4 c5 6. d5 Qe7 7. Nge2 exd5 8. exd5 0-0 9. Bd2 d6 10. 0-0-0 Ng4 11. Be1 Qg5+ 12. Qd2 Qxd2+ 13. Kxd2 Re8 14. Ng3 f5 15. Bd3 g6 16. a3 Ba5 17. Kc2 Ba6 18. b3 Nd7 19. h3 Bxc3 20. hxg4 Bxe1 21. Rdxe1 fxg4 22. Ne4 Rf8 23. Re2 Rae8 24. Rhe1 Ne5 25. Nxd6 Rd8 26. Rxe5 Rxd6 27. R1e2 Rdf6 28. Re7 R8f7 29. Rxf7 Kxf7 30. b4 h5 31. g3 g5 32. bxc5 bxc5 33. Re5 Rxf2+ 34. Kc3 h4 35. Rxg5 hxg3 36. Rxg4 Rg2 37. Bf5 Kf6 38. d6 Kxf5 39. d7 Kxg4 40. d8Q Rf2 41. Qg8+ Kh3 42. Qe6+ Kh2 43. Qxa6 Rf3+ 44. Kd2 g2 45. Ke2 Rh3 46. Qd6+ Kh1 47. Qd5 Kh2 48. Qd6+ Kh1 49. Qd5 Kh2 1/2-1/2

[Event "Skalica op-A"]
[Site "Skalica"]
[Date "2023.08.24"]
[Round "6"]
[White "Sahidi, Samir"]
[Black "Svanda, Ondrej"]
[Result "1/2-1/2"]
[WhiteElo "2497"]
[BlackElo "2371"]
[PlyCount "60"]
[EventDate "2023.08.19"]
[EventType "swiss"]
[EventRounds "9"]
[EventCountry "SVK"]
[SourceTitle "CBM 215 Extra"]
[Source "ChessBase"]
[SourceDate "2023.09.30"]
[SourceVersion "1"]
[SourceVersionDate "2023.09.30"]
[SourceQuality "1"]

1. d4 Nf6 2. c4 e6 3. g3 d5 4. Nf3 Bb4+ 5. Bd2 Be7 6. Bg2 0-0 7. Qc2 c6 8. 0-0 Nbd7 9. Nc3 dxc4 10. e4 b5 11. e5 Nd5 12. Ne4 h6 13. h4 c5 14. a4 Ba6 15. axb5 Bxb5 16. Ba5 Qb8 17. Rfd1 Rc8 18. Qd2 a6 19. h5 cxd4 20. Qxd4 Qa7 21. Nc3 Bc5 22. Qd2 Nxc3 23. Bxc3 Bc6 24. Qe2 Qb7 25. Ne1 Nb6 26. Bd4 Bxg2 27. Nxg2 Nd5 28. Qxc4 Bxd4 29. Qxd4 Rc2 30. Rd2 Rxd2 1/2-1/2

[Event "Skalica op-A"]
[Site "Skalica"]
[Date "2023.08.23"]
[Round "5"]
[White "Svanda, Ondrej"]
[Black "Gyerpal, Adrian"]
[Result "1-0"]
[WhiteElo "2371"]
[BlackElo "2188"]
[PlyCount "56"]
[EventDate "2023.08.19"]
[EventType "swiss"]
[EventRounds "9"]
[EventCountry "SVK"]
[SourceTitle "CBM 215 Extra"]
[Source "ChessBase"]
[SourceDate "2023.09.30"]
[SourceVersion "1"]
[SourceVersionDate "2023.09.30"]
[SourceQuality "1"]

1. d4 d5 2. Nf3 e6 3. c4 a6 4. g3 dxc4 5. Bg2 b5 6. Ne5 c6 7. 0-0 Bb7 8. a4 Nf6 9. b3 cxb3 10. Qxb3 Qxd4 11. Bb2 Qb4 12. Qc2 Qc5 13. Qb3 Qb4 14. Qc2 Qc5 15. Qd3 Be7 16. Nd2 0-0 17. Ne4 Nxe4 18. Bxe4 f5 19. Qb3 Rf6 20. Bf3 Rh6 21. Rfd1 Qb6 22. Bc1 g5 23. h4 c5 24. Bxg5 Bxg5 25. hxg5 Rh3 26. Bxb7 Qxb7 27. Qxe6+ Kg7 28. Qf6+ Kg8 1-0

[Event "Skalica op-A"]
[Site "Skalica"]
[Date "2023.08.22"]
[Round "4"]
[White "Aczel, Gergely"]
[Black "Svanda, Ondrej"]
[Result "1-0"]
[WhiteElo "2481"]
[BlackElo "2371"]
[PlyCount "235"]
[EventDate "2023.08.19"]
[EventType "swiss"]
[EventRounds "9"]
[EventCountry "SVK"]
[SourceTitle "CBM 215 Extra"]
[Source "ChessBase"]
[SourceDate "2023.09.30"]
[SourceVersion "1"]
[SourceVersionDate "2023.09.30"]
[SourceQuality "1"]

1. d4 d5 2. c4 e6 3. Nc3 c5 4. cxd5 exd5 5. Nf3 Nc6 6. g3 Nf6 7. Bg2 cxd4 8. Nxd4 Bc5 9. Nxc6 bxc6 10. 0-0 0-0 11. Na4 Bb6 12. Qc2 Bb7 13. Nc5 Qe7 14. Nxb7 Qxb7 15. Bg5 Bd4 16. Rac1 Rac8 17. Bh3 Rce8 18. e3 Ne4 19. Bf4 Be5 20. Qxc6 Qxb2 21. Rc2 Qa3 22. Qxd5 Bxf4 23. exf4 Nf6 24. Qc5 Qd3 25. Rc3 Qd2 26. Rc2 Qd3 27. Rc3 Qd2 28. Ra3 Ne4 29. Qxa7 Nc3 30. Qa5 Ne2+ 31. Kh1 Qxa5 32. Rxa5 Ra8 33. Rxa8 Rxa8 34. Re1 Nc3 35. Bg2 Rd8 36. a3 g6 37. Bf3 Rb8 38. Ra1 Rb5 39. Kg2 Ra5 40. Bc6 Ra6 41. Bf3 Ra4 42. Bc6 Ra6 43. Bf3 Ra4 44. h4 Nb5 45. Rb1 Nxa3 46. Rb7 Rd4 47. h5 Kg7 48. h6+ Kxh6 49. Rxf7 Nc4 50. Rc7 Nd6 51. Bg4 Ne8 52. Rf7 Rd6 53. Bf3 Rf6 54. Re7 Nd6 55. Bd5 Rf8 56. Rd7 Ne8 57. Bc4 Nf6 58. Rc7 Ne8 59. Re7 Nd6 60. Bd5 Nc8 61. Rc7 Nd6 62. Rc6 Ne8 63. Rb6 Nf6 64. Bb3 Kg7 65. Rb7+ Kh8 66. Bd1 Rd8 67. Bf3 Rd7 68. Rb5 h5 69. Rg5 Kh7 70. f5 gxf5 71. Rxf5 Kg6 72. Ra5 Rd4 73. Ra6 Kg5 74. Kh3 Rd2 75. Kg2 Rd4 76. Be2 h4 77. f4+ Kg6 78. Kh3 hxg3 79. Kxg3 Kg7 80. Ra3 Kg6 81. Bd3+ Kg7 82. Kf3 Nd5 83. Ra7+ Kf6 84. Be4 Nc3 85. Ra6+ Ke7 86. Bc2 Nd5 87. f5 Nf6 88. Ra7+ Rd7 89. Ra4 Rd2 90. Rc4 Rd5 91. Rc6 Rd6 92. Rc3 Nd5 93. Ra3 Kf6 94. Ra5 Ne7 95. Be4 Rb6 96. Kf4 Rd6 97. Rb5 Ra6 98. Rb1 Rd6 99. Rh1 Nd5+ 100. Kf3 Nc3 101. Bc2 Nd5 102. Rh6+ Ke5 103. Rh8 Kf6 104. Rf8+ Kg7 105. Rc8 Kf6 106. Be4 Ne7 107. Rf8+ Kg7 108. Ra8 Nd5 109. Ra5 Nc3 110. Bc2 Nd5 111. Ke4 Ne7 112. Bb3 Rd4+ 113. Kxd4 Nc6+ 114. Ke4 Nxa5 115. Bd5 Kf6 116. Kf4 Ke7 117. Kg5 Kf8 118. Kf6 1-0

[Event "Skalica op-A"]
[Site "Skalica"]
[Date "2023.08.21"]
[Round "3"]
[White "Svanda, Ondrej"]
[Black "Druska, Juraj"]
[Result "1/2-1/2"]
[WhiteElo "2371"]
[BlackElo "2478"]
[PlyCount "42"]
[EventDate "2023.08.19"]
[EventType "swiss"]
[EventRounds "9"]
[EventCountry "SVK"]
[SourceTitle "CBM 215 Extra"]
[Source "ChessBase"]
[SourceDate "2023.09.30"]
[SourceVersion "1"]
[SourceVersionDate "2023.09.30"]
[SourceQuality "1"]

1. e4 c5 2. c3 Nf6 3. e5 Nd5 4. Nf3 Nc6 5. Bc4 Nb6 6. Bb3 c4 7. Bc2 g6 8. 0-0 Bg7 9. Qe2 d6 10. exd6 Qxd6 11. Na3 Qe6 12. Re1 Qxe2 13. Rxe2 0-0 14. b3 Be6 15. Rb1 cxb3 16. axb3 Bd5 17. Ng5 e5 18. Nb5 a6 19. Nd6 Rab8 20. d3 Rfd8 21. Nc4 Nd7 1/2-1/2

[Event "Pardubice Czech op-A 34th"]
[Site "Pardubice"]
[Date "2023.07.27"]
[Round "7"]
[White "Svanda, Ondrej"]
[Black "Kosakowski, Jakub"]
[Result "1/2-1/2"]
[WhiteElo "2358"]
[BlackElo "2475"]
[PlyCount "69"]
[EventDate "2023.07.21"]
[EventType "swiss"]
[EventRounds "9"]
[EventCountry "CZE"]
[SourceTitle "CBM 215 Extra"]
[Source "ChessBase"]
[SourceDate "2023.09.30"]
[SourceVersion "1"]
[SourceVersionDate "2023.09.30"]
[SourceQuality "1"]

1. e4 c5 2. c3 d5 3. exd5 Qxd5 4. d4 Nf6 5. Nf3 e6 6. Na3 a6 7. Nc4 Nbd7 8. Be2 b5 9. Nfd2 Rb8 10. Bf3 Qf5 11. Ne3 Qf4 12. Nb3 Qc7 13. a4 c4 14. Nd2 Bd6 15. axb5 axb5 16. b3 cxb3 17. Qxb3 0-0 18. Ba3 Bxa3 19. Qxa3 Bb7 20. 0-0 Rfc8 21. Bxb7 Qxb7 22. c4 bxc4 23. Ndxc4 Qb4 24. Qa6 Nf8 25. Ra4 Qe7 26. Ne5 Qe8 27. Rfa1 Ne4 28. Qd3 Ra8 29. Rxa8 Rxa8 30. Rc1 Nf6 31. h4 Rc8 32. Rb1 Rb8 33. Rc1 Rc8 34. Rb1 Rb8 35. Rc1 1/2-1/2

[Event "Ceske Budejovice GM-B"]
[Site "Ceske Budejovice"]
[Date "2023.07.07"]
[Round "7"]
[White "Svanda, Ondrej"]
[Black "Heimisson, Hilmir Freyr"]
[Result "1/2-1/2"]
[WhiteElo "2358"]
[BlackElo "2404"]
[PlyCount "75"]
[EventDate "2023.07.01"]
[EventType "tourn"]
[EventRounds "9"]
[EventCountry "CZE"]
[EventCategory "5"]
[SourceTitle "CBM 215 Extra"]
[Source "ChessBase"]
[SourceDate "2023.09.30"]
[SourceVersion "1"]
[SourceVersionDate "2023.09.30"]
[SourceQuality "1"]

1. d4 Nf6 2. c4 e6 3. Nc3 Bb4 4. Qc2 b6 5. e4 c5 6. d5 Qe7 7. Be2 exd5 8. exd5 0-0 9. Be3 d6 10. h3 Nbd7 11. a4 Ne5 12. Nf3 Ba6 13. Nxe5 Qxe5 14. 0-0 Bxc3 15. bxc3 Ne4 16. Bd3 f5 17. Rfe1 Qf6 18. f3 Ng5 19. h4 Nf7 20. Bxf5 Qxh4 21. Bf2 Qh5 22. Be6 Kh8 23. Re4 Qg6 24. Bxf7 Rxf7 25. Qe2 Raf8 26. Re6 Qg5 27. Re1 h6 28. Qe3 Qh5 29. Bg3 Bxc4 30. Bxd6 Qxd5 31. Rxh6+ gxh6 32. Bxf8 Qg5 33. Bxh6 Qxe3+ 34. Rxe3 Kh7 35. Bg5 Kg6 36. Bh4 Bb3 37. Re4 Bc2 38. Rg4+ 1/2-1/2

[Event "CZE-ch U20"]
[Site "Jaromerice nad Rokytnou"]
[Date "2023.03.16"]
[Round "9"]
[White "Smolik, Jachym"]
[Black "Svanda, Ondrej"]
[Result "1/2-1/2"]
[WhiteElo "2297"]
[BlackElo "2366"]
[PlyCount "62"]
[EventDate "2023.03.10"]
[EventType "tourn"]
[EventRounds "11"]
[EventCountry "CZE"]
[SourceTitle "CBM 213 Extra"]
[Source "ChessBase"]
[SourceDate "2023.05.31"]
[SourceVersion "1"]
[SourceVersionDate "2023.05.31"]
[SourceQuality "1"]

1. d4 Nf6 2. Nf3 e6 3. c4 d5 4. Nc3 Bb4 5. Bg5 h6 6. Bxf6 Qxf6 7. Qa4+ Nc6 8. e3 0-0 9. Be2 dxc4 10. 0-0 Bd6 11. Qxc4 e5 12. d5 Nb8 13. Ne4 Qe7 14. Rac1 Na6 15. Nxd6 cxd6 16. Nd2 Bd7 17. b4 Rfc8 18. Qb3 Nc7 19. b5 Qd8 20. a4 Ne8 21. Qb4 Rxc1 22. Rxc1 Rc8 23. Rxc8 Qxc8 24. Nc4 Qc7 25. f3 f6 26. Kf2 Kf8 27. Bd3 Kf7 28. Ke2 b6 29. Kd2 Bc8 30. h4 Bb7 31. e4 Ke7 1/2-1/2

[Event "CZE-ch U20"]
[Site "Jaromerice nad Rokytnou"]
[Date "2023.03.15"]
[Round "7"]
[White "Mica, Marek"]
[Black "Svanda, Ondrej"]
[Result "1/2-1/2"]
[WhiteElo "2248"]
[BlackElo "2366"]
[PlyCount "168"]
[EventDate "2023.03.10"]
[EventType "tourn"]
[EventRounds "11"]
[EventCountry "CZE"]
[SourceTitle "CBM 213 Extra"]
[Source "ChessBase"]
[SourceDate "2023.05.31"]
[SourceVersion "1"]
[SourceVersionDate "2023.05.31"]
[SourceQuality "1"]

1. Nf3 c5 2. c4 g6 3. d4 cxd4 4. Nxd4 Nf6 5. Nc3 Nc6 6. Nc2 Bg7 7. e4 d6 8. Be2 Nd7 9. Bd2 0-0 10. 0-0 Nc5 11. f3 f5 12. b4 Ne6 13. exf5 gxf5 14. Rb1 Ncd4 15. Nxd4 Nxd4 16. Bd3 e6 17. Qc1 Qf6 18. Kh1 Bd7 19. Bg5 Qf7 20. Bh6 Rac8 21. Bxg7 Qxg7 22. Qd2 e5 23. Ne2 Nxe2 24. Bxe2 Rf6 25. Qd5+ Kh8 26. Qxb7 Rg8 27. Rf2 Rg6 28. Bf1 Rh6 29. Kg1 f4 30. c5 Qg6 31. Qxd7 Qxb1 32. c6 Qxb4 33. Qxa7 Qc3 34. Qa4 Qc5 35. Qc2 Qa5 36. Qc4 d5 37. Qb5 Qc3 38. Qxd5 Rxc6 39. Qe4 Rcg6 40. a4 Qc5 41. Qc2 Rc6 42. Qxc5 Rxc5 43. Rb2 Rgc8 44. Bd3 Rc3 45. Be4 Ra3 46. h4 Rc1+ 47. Kh2 Raa1 48. g4 Rh1+ 49. Kg2 Rxh4 50. Rb8+ Kg7 51. Rb7+ Kf6 52. Rxh7 Rxh7 53. Bxh7 Kg5 54. Be4 Rxa4 55. Kh3 Rb4 56. Bd5 Rb8 57. Be4 Rh8+ 58. Kg2 Kh4 59. Kf2 Rd8 60. Ke2 Kg3 61. g5 Kh4 62. g6 Kg5 63. Kf2 Kf6 64. Ke2 Rd4 65. Bd3 Ra4 66. Kf2 Ra2+ 67. Ke1 Rg2 68. Be4 Rxg6 69. Bxg6 Kxg6 70. Kf2 Kf6 71. Kf1 Ke7 72. Ke1 Kd6 73. Kd2 Kc6 74. Kc2 Kb5 75. Kd3 Kc5 76. Kc3 Kc6 77. Kc2 Kd5 78. Kd3 e4+ 79. fxe4+ Ke5 80. Ke2 Kxe4 81. Kf2 f3 82. Kf1 Ke3 83. Ke1 f2+ 84. Kf1 Kf3 1/2-1/2

[Event "CZE-ch U20"]
[Site "Jaromerice nad Rokytnou"]
[Date "2023.03.11"]
[Round "2"]
[White "Svanda, Ondrej"]
[Black "Ocelak, Jakub"]
[Result "1-0"]
[WhiteElo "2366"]
[BlackElo "2190"]
[PlyCount "69"]
[EventDate "2023.03.10"]
[EventType "tourn"]
[EventRounds "11"]
[EventCountry "CZE"]
[SourceTitle "CBM 213 Extra"]
[Source "ChessBase"]
[SourceDate "2023.05.31"]
[SourceVersion "1"]
[SourceVersionDate "2023.05.31"]
[SourceQuality "1"]

1. e4 e5 2. Nf3 Nc6 3. Bc4 Nf6 4. Ng5 d5 5. exd5 Na5 6. Bb5+ c6 7. dxc6 bxc6 8. Bd3 Nd5 9. Nf3 Bd6 10. 0-0 0-0 11. Re1 Re8 12. Nc3 f5 13. Bf1 e4 14. Nxd5 cxd5 15. Nd4 Qh4 16. g3 Qf6 17. Nb5 Bb8 18. d4 Be6 19. f4 a6 20. Nc3 Ba7 21. Be3 Bf7 22. Na4 Nc6 23. c3 Nd8 24. b4 Ne6 25. Nc5 Bxc5 26. bxc5 g5 27. Qd2 h6 28. Rab1 gxf4 29. Bxf4 Ng5 30. Bg2 Bh5 31. Rb6 Re6 32. Bxg5 hxg5 33. Rxe6 Qxe6 34. Qxg5+ Bg6 35. h4 1-0

[Event "CZE-chT1E 2223"]
[Site "Czech Republic"]
[Date "2023.02.25"]
[Round "8.4"]
[White "Virostko, Petr"]
[Black "Svanda, Ondrej"]
[Result "0-1"]
[WhiteElo "2323"]
[BlackElo "2341"]
[PlyCount "90"]
[EventDate "2022.10.08"]
[EventType "team-tourn"]
[EventRounds "11"]
[EventCountry "CZE"]
[SourceTitle "CBM 213 Extra"]
[Source "ChessBase"]
[SourceDate "2023.05.31"]
[SourceVersion "1"]
[SourceVersionDate "2023.05.31"]
[SourceQuality "1"]
[WhiteTeam "Frydek Mistek III"]
[BlackTeam "Stare Mesto"]
[WhiteTeamCountry "CZE"]
[BlackTeamCountry "CZE"]

1. e4 c5 2. Nf3 e6 3. d4 cxd4 4. Nxd4 Nc6 5. Nb5 d6 6. c4 Nf6 7. N1c3 a6 8. Na3 Qa5 9. Bd2 Be7 10. Be2 0-0 11. 0-0 Qe5 12. Bf3 Nd4 13. Bf4 Qxf4 14. Qxd4 Bd7 15. Rad1 Bc6 16. Nc2 Rfd8 17. Nb4 Nd7 18. Ne2 Qg5 19. Nxc6 bxc6 20. Qd2 Ne5 21. Qxg5 Bxg5 22. b3 Bf6 23. Nf4 a5 24. Nd3 Nxf3+ 25. gxf3 c5 26. f4 Bd4 27. Kg2 f6 28. Rb1 Rdb8 29. Rfd1 e5 30. fxe5 dxe5 31. f4 Ra6 32. fxe5 fxe5 33. Rf1 Rg6+ 34. Kh1 Rg4 35. Rbe1 Rb6 36. Rf5 Rbg6 37. Nf2 Rh4 38. Rf1 h6 39. Re1 Rg3 40. Rf1 Rc3 41. Kg2 Rc2 42. Kg3 Rf4 43. Ng4 Rc3+ 44. Kh4 Kh7 45. Rf7 Rxf1 0-1

[Event "CZE-chT1E 2223"]
[Site "Czech Republic"]
[Date "2022.12.11"]
[Round "5.2"]
[White "Svanda, Ondrej"]
[Black "Straka, Vojtech"]
[Result "1-0"]
[WhiteElo "2341"]
[BlackElo "2424"]
[PlyCount "89"]
[EventDate "2022.10.08"]
[EventType "team-tourn"]
[EventRounds "11"]
[EventCountry "CZE"]
[SourceTitle "CBM 213 Extra"]
[Source "ChessBase"]
[SourceDate "2023.05.31"]
[SourceVersion "1"]
[SourceVersionDate "2023.05.31"]
[SourceQuality "1"]
[WhiteTeam "Stare Mesto"]
[BlackTeam "Brno Moravska Slavia II"]
[WhiteTeamCountry "CZE"]
[BlackTeamCountry "CZE"]

1. e4 c5 2. Nf3 Nc6 3. Bb5 g6 4. 0-0 Bg7 5. c3 Nf6 6. Re1 0-0 7. d4 d5 8. e5 Ne4 9. Bxc6 bxc6 10. Be3 cxd4 11. cxd4 Qb6 12. Qc1 a5 13. Nc3 Nxc3 14. Qxc3 Bg4 15. Nd2 Rfb8 16. b3 Bd7 17. a3 Rc8 18. h3 f6 19. f4 fxe5 20. fxe5 Rf8 21. Rac1 e6 22. Bg5 Rf7 23. Qe3 Bf8 24. Rf1 Rxf1+ 25. Rxf1 Bxa3 26. Bh6 Bf8 27. Nf3 Qb4 28. Kh2 Bxh6 29. Qxh6 Qf8 30. Qh4 h6 31. Qf6 g5 32. h4 g4 33. Ne1 Qxf6 34. exf6 Bc8 35. Rf4 Ba6 36. Rxg4+ Kf7 37. Rf4 e5 38. dxe5 Re8 39. Nf3 c5 40. g4 Be2 41. g5 Bxf3 42. Rxf3 hxg5 43. hxg5 Rxe5 44. g6+ Kf8 45. Rh3 1-0

[Event "CZE-chT 2223"]
[Site "Czech Republic"]
[Date "2022.12.03"]
[Round "3.4"]
[White "Svanda, Ondrej"]
[Black "Hurdzan, Tomas"]
[Result "0-1"]
[WhiteElo "2341"]
[BlackElo "2321"]
[PlyCount "84"]
[EventDate "2022.10.15"]
[EventType "team-tourn"]
[EventRounds "11"]
[EventCountry "CZE"]
[SourceTitle "CBM 213 Extra"]
[Source "ChessBase"]
[SourceDate "2023.05.31"]
[SourceVersion "1"]
[SourceVersionDate "2023.05.31"]
[SourceQuality "1"]
[WhiteTeam "Kromeriz Slavia"]
[BlackTeam "Ingem Line"]
[WhiteTeamCountry "CZE"]
[BlackTeamCountry "CZE"]

1. Nf3 Nf6 2. g3 g6 3. Bg2 Bg7 4. 0-0 0-0 5. c4 d6 6. d4 Nbd7 7. Nc3 e5 8. e4 exd4 9. Nxd4 Re8 10. Re1 Nc5 11. h3 Bd7 12. f4 h5 13. Rb1 a5 14. Ndb5 Bc6 15. Qc2 Qe7 16. Be3 Bxb5 17. cxb5 Ncxe4 18. Bd4 d5 19. Nxd5 Nxd5 20. Bxg7 Kxg7 21. Rxe4 Qd6 22. Rd1 c6 23. bxc6 bxc6 24. Rc4 Ra6 25. Re4 Raa8 26. Rc4 Ra6 27. Rc1 Re6 28. Qd3 Kh7 29. Rd4 Rb6 30. Bxd5 cxd5 31. Rxd5 Qb4 32. b3 Rbd6 33. Rxh5+ Kg7 34. Rd5 Qb6+ 35. Kf1 Rxd5 36. Qxd5 Qe3 37. Qc5 Qd3+ 38. Kg1 Qxg3+ 39. Kh1 Qxh3+ 40. Kg1 Qg4+ 41. Kh1 Re2 42. Qc3+ Kh7 0-1

[Event "CZE-chT1E 2223"]
[Site "Czech Republic"]
[Date "2022.11.26"]
[Round "3.3"]
[White "Mikrut, Dariusz"]
[Black "Svanda, Ondrej"]
[Result "1-0"]
[WhiteElo "2316"]
[BlackElo "2341"]
[PlyCount "47"]
[EventDate "2022.10.08"]
[EventType "team-tourn"]
[EventRounds "11"]
[EventCountry "CZE"]
[SourceTitle "CBM 213 Extra"]
[Source "ChessBase"]
[SourceDate "2023.05.31"]
[SourceVersion "1"]
[SourceVersionDate "2023.05.31"]
[SourceQuality "1"]
[WhiteTeam "Vlcnov"]
[BlackTeam "Stare Mesto"]
[WhiteTeamCountry "CZE"]
[BlackTeamCountry "CZE"]

1. d4 Nf6 2. c4 e6 3. Nf3 d5 4. Bg5 h6 5. Bxf6 Qxf6 6. Nc3 Bb4 7. Qa4+ Nc6 8. cxd5 exd5 9. e3 0-0 10. Rc1 Rd8 11. a3 Bf8 12. Be2 Ne7 13. b4 Qg6 14. Kf1 Qf6 15. h4 Bg4 16. Ne5 Bxe2+ 17. Kxe2 Nf5 18. Qb5 Bd6 19. Nxd5 Qe6 20. Nc3 Re8 21. Nf3 Rad8 22. Kf1 Nxe3+ 23. fxe3 Qxe3 24. Re1 1-0

[Event "CZE-chT1E 2223"]
[Site "Czech Republic"]
[Date "2022.10.08"]
[Round "1.3"]
[White "Svanda, Ondrej"]
[Black "Krajina, Ales"]
[Result "1-0"]
[WhiteElo "2341"]
[BlackElo "2167"]
[PlyCount "75"]
[EventDate "2022.10.08"]
[EventType "team-tourn"]
[EventRounds "11"]
[EventCountry "CZE"]
[SourceTitle "CBM 210 Extra"]
[Source "ChessBase"]
[SourceDate "2022.11.30"]
[SourceVersion "1"]
[SourceVersionDate "2022.11.30"]
[SourceQuality "1"]
[WhiteTeam "Stare Mesto"]
[BlackTeam "Ostrava"]
[WhiteTeamCountry "CZE"]
[BlackTeamCountry "CZE"]

1. Nf3 Nc6 2. d4 d5 3. g3 Bg4 4. Bg2 Qd7 5. h3 Bf5 6. Bf4 f6 7. h4 h5 8. a3 Nh6 9. c4 e6 10. cxd5 exd5 11. Nc3 Nd8 12. Nd2 c6 13. Nb3 Nhf7 14. e4 dxe4 15. Nxe4 Ne6 16. Be3 Rd8 17. 0-0 Be7 18. Rc1 Bg4 19. Qc2 0-0 20. Rfe1 Nc7 21. Nec5 Bxc5 22. Nxc5 Qc8 23. Qb3 b6 24. Nd3 Nd5 25. Nf4 Nxf4 26. Bxf4 Rxd4 27. Rxc6 Qf5 28. Rc7 Rd7 29. Re7 Rxc7 30. Rxc7 g5 31. Bd6 Qg6 32. Bd5 Qb1+ 33. Kh2 Qf1 34. Bxf8 gxh4 35. Bxf7+ Kh8 36. Bg7+ Kh7 37. Bg8+ Kg6 38. Qf7+ 1-0

[Event "Teplice op 15th"]
[Site "Teplice"]
[Date "2022.06.24"]
[Round "7"]
[White "Svanda, Ondrej"]
[Black "Budisavljevic, Luka"]
[Result "1/2-1/2"]
[WhiteElo "2361"]
[BlackElo "2516"]
[PlyCount "60"]
[EventDate "2022.06.18"]
[EventType "swiss"]
[EventRounds "9"]
[EventCountry "CZE"]
[SourceTitle "CBM 209 Extra"]
[Source "ChessBase"]
[SourceDate "2022.09.30"]
[SourceVersion "1"]
[SourceVersionDate "2022.09.30"]
[SourceQuality "1"]

1. e4 e6 2. d4 d5 3. Nd2 c5 4. Ngf3 cxd4 5. Nxd4 Nc6 6. Bb5 Bd7 7. Nxc6 bxc6 8. Bd3 Qc7 9. Qe2 Ne7 10. 0-0 Ng6 11. Nf3 Be7 12. c4 dxe4 13. Bxe4 f5 14. Bc2 0-0 15. Ng5 Bxg5 16. Bxg5 e5 17. Rad1 Rae8 18. h4 Rf7 19. h5 Nf8 20. Bd2 Ne6 21. Bc3 Nf4 22. Qd2 c5 23. Rfe1 Nxh5 24. Qd6 Qxd6 25. Rxd6 e4 26. Rd5 Rc8 27. Bxe4 fxe4 28. Rxh5 Bf5 29. Rg5 h6 30. Rg3 Rd8 1/2-1/2

[Event "CZE-chT1E 2122"]
[Site "Czech Republic"]
[Date "2022.03.26"]
[Round "10.4"]
[White "Svanda, Ondrej"]
[Black "Jun, Rudolf"]
[Result "1-0"]
[WhiteElo "2269"]
[BlackElo "2114"]
[PlyCount "115"]
[EventDate "2021.10.09"]
[EventType "team-tourn"]
[EventRounds "11"]
[EventCountry "CZE"]
[SourceTitle "EXT 2023"]
[Source "ChessBase"]
[SourceDate "2022.10.05"]
[SourceVersion "1"]
[SourceVersionDate "2022.10.05"]
[SourceQuality "1"]
[WhiteTeam "Stare Mesto"]
[BlackTeam "Chotebor"]
[WhiteTeamCountry "CZE"]
[BlackTeamCountry "CZE"]

1. Nf3 Nf6 2. g3 g6 3. Bg2 Bg7 4. d4 0-0 5. c4 c6 6. 0-0 d6 7. Nc3 Qc7 8. e4 Nbd7 9. Re1 e5 10. d5 c5 11. Nh4 a6 12. a4 Qd8 13. Qd3 Nh5 14. Qf3 Ndf6 15. h3 Rb8 16. Be3 Bd7 17. Qe2 Qe7 18. Kh2 Ne8 19. Qf3 Nef6 20. Bf1 Ne8 21. Bd3 h6 22. Ng2 b6 23. Qe2 Nhf6 24. f4 Nh7 25. f5 g5 26. a5 bxa5 27. Rxa5 Rb6 28. Na4 Bxa4 29. Rxa4 Qb7 30. Ra2 Qb8 31. Rb1 Nc7 32. Bd2 Rb7 33. Bc2 Nf6 34. Ba4 Nfe8 35. Ne1 f6 36. Nd3 Na8 37. Bc6 Ra7 38. b4 a5 39. b5 Nb6 40. Nb2 a4 41. Rba1 Nc7 42. Nxa4 Nxa4 43. Rxa4 Rxa4 44. Rxa4 Qb6 45. Ba5 Qb8 46. Qa2 Ne8 47. b6 h5 48. b7 Rf7 49. Bxe8 Rxb7 50. Bb5 Rxb5 51. cxb5 Qxb5 52. Bc7 Qd3 53. Ra3 Qxe4 54. Bxd6 h4 55. Bxc5 g4 56. d6+ Kh7 57. d7 hxg3+ 58. Rxg3 1-0

[Event "CZE-ch U18/20"]
[Site "Spindleruv Mlyn"]
[Date "2022.03.19"]
[Round "11"]
[White "Stalmach, Richard"]
[Black "Svanda, Ondrej"]
[Result "1/2-1/2"]
[WhiteElo "2302"]
[BlackElo "2303"]
[PlyCount "85"]
[EventDate "2022.03.10"]
[EventType "tourn"]
[EventRounds "11"]
[EventCountry "CZE"]
[EventCategory "2"]
[SourceTitle "CBM 207 Extra"]
[Source "ChessBase"]
[SourceDate "2022.05.31"]
[SourceVersion "1"]
[SourceVersionDate "2022.05.31"]
[SourceQuality "1"]

1. d4 Nf6 2. c4 e6 3. Nc3 Bb4 4. f3 c5 5. d5 b5 6. e4 d6 7. Nge2 bxc4 8. Nf4 e5 9. Nfe2 Ng8 10. Ng3 Ne7 11. Bxc4 0-0 12. 0-0 Nd7 13. Be3 f5 14. exf5 Bxc3 15. bxc3 Nb6 16. Bd3 Nxf5 17. Nxf5 Bxf5 18. a4 Bxd3 19. Qxd3 Qh4 20. Rfd1 Qc4 21. Bg5 Qxd3 22. Rxd3 Nc4 23. Re1 h6 24. Re4 hxg5 25. Rxc4 Rf4 26. Re4 Rb8 27. Rde3 Rb3 28. Kf2 Ra3 29. g3 Rxe4 30. fxe4 Rxa4 31. Kf3 Kf7 32. Re2 Ra3 33. Rc2 Kg6 34. Kg4 Ra4 35. Kf3 c4 36. Kg4 Ra1 37. Rb2 Re1 38. Rb4 Rxe4+ 39. Kf3 Re1 40. Rxc4 Rd1 41. Ke4 Re1+ 42. Kf3 Rd1 43. Ke4 1/2-1/2